| 000 | 00328nam a22001217a 4500 | ||
|---|---|---|---|
| 999 |
_c533673 _d533673 |
||
| 020 | _a0684859394 | ||
| 040 | _cMSOHAIL | ||
| 082 | _a973.929092 | ||
| 100 |
_a Marvin Kalb _927635 |
||
| 245 | _aOne Scandalous Story: Clinton, Lewinsky, and Thirteen Days That Tarnished American Journalism | ||
| 300 | _a182;p; | ||
| 942 |
_2ddc _cBK |
||